Online kereskedelem térhódításának hatása a bevásárlóközpontokra

Bibliográfiai részletek
Szerző: Fedor Tamás
További közreműködők: Eckert Bálint
Dokumentumtípus: Diplomadolgozat
Kulcsszavak:Bevásárlóközpont
Online kereskedelem
Pláza
Online Access:http://dolgozattar.uni-bge.hu/9630

MARC

LEADER 00000nta a2200000 i 4500
001 dolg9630
005 20161219191116.0
008 161219suuuu hu om 000 hun d
040 |a BGE Dolgozattár Repozitórium  |b hun 
041 |a hu 
100 1 |a Fedor Tamás 
245 1 0 |a Online kereskedelem térhódításának hatása a bevásárlóközpontokra  |c Fedor Tamás  |h [elektronikus dokumentum] 
246 1 1 |a Online kereskedelem térhódításának hatása a bevásárlóközpontokra 
695 |a Bevásárlóközpont 
695 |a Online kereskedelem 
695 |a Pláza 
700 1 |a Eckert Bálint  |e ths 
856 4 0 |u http://dolgozattar.uni-bge.hu/9630/1/Szakdolgozat.pdf  |z Dokumentum-elérés 
856 4 0 |u http://dolgozattar.uni-bge.hu/9630/7/nyilatkozat-1.pdf  |z Dokumentum-elérés